Music Quiz

Random Music or Song Quiz

Figure Out the Lyrics (Beatles 10) Quiz Stats

 Plays Quiz Updated Oct 30, 2018

Score 0/194 Timer 10:00
20 Plays Today
% Correct
I
98.2%
I
98.2%
I
98.2%
I
98.2%
I
98.2%
I
98.2%
I
98.2%
I
98.2%
a
95.9%
a
95.9%
a
95.9%
you
91.6%
you
91.6%
you
91.6%
you
91.6%
you
91.6%
you
91.6%
you
91.6%
you
91.6%
and
84.2%
and
84.2%
and
84.2%
and
84.2%
me
82.5%
me
82.5%
me
82.5%
me
82.5%
me
82.5%
me
82.5%
to
81.5%
to
81.5%
to
81.5%
to
81.5%
to
81.5%
to
81.5%
to
81.5%
to
81.5%
to
81.5%
to
81.5%
is
75.7%
is
75.7%
is
75.7%
is
75.7%
is
75.7%
is
75.7%
is
75.7%
is
75.7%
is
75.7%
be
74%
be
74%
it
73.1%
It
73.1%
it
73.1%
No
69.8%
no
69.8%
'No'
69.8%
in
69.2%
in
69.2%
when
57.6%
all
56.7%
Let
56.6%
Let
56.6%
my
56.6%
not
56.6%
Let
56.6%
% Correct
Let
56.6%
all
56.1%
all
56.1%
all
56.1%
see
56%
I'm
54.6%
I'm
54.6%
I'm
54.6%
I'm
54.6%
know
54.3%
know
54.3%
know
54.3%
That
53.6%
That
53.6%
That
53.6%
get
51.9%
get
51.9%
get
51.9%
get
51.9%
with
51.8%
going
50.5%
going
50.4%
going
50.5%
going
50.4%
take
49.4%
take
49.4%
take
49.4%
take
49.4%
down
48.7%
down
48.7%
down
48.7%
down
48.7%
It's
48.7%
it's
48.7%
it's
48.7%
it's
48.7%
it's
48.7%
it's
48.7%
but
48.4%
but
48.4%
but
48.4%
but
48.4%
'cause
47.8%
'cause
47.8%
'cause
47.8%
'cause
47.8%
forever
46.8%
forever
46.8%
forever
46.8%
forever
46.8%
forever
46.8%
forever
46.8%
about
46.7%
about
46.7%
about
46.7%
about
46.7%
Strawberry
46.3%
Strawberry
46.3%
Strawberry
46.3%
Strawberry
46.3%
Strawberry
46.3%
Strawberry
46.3%
Strawberry
46.3%
Strawberry
46.3%
Strawberry
46.3%
% Correct
Strawberry
46.3%
too
46.3%
Fields
46.1%
Fields
46.1%
Fields
46.1%
Fields
46.1%
Fields
46.1%
Fields
46.1%
Fields
46.1%
Fields
46.1%
Fields
46.1%
Fields
46.1%
real
46%
real
46%
real
46%
real
46%
'Yes'
45.4%
one
45%
Nothing
44.7%
nothing
44.7%
Nothing
44.7%
nothing
44.7%
Nothing
44.7%
nothing
44.7%
Nothing
44.7%
nothing
44.7%
or
43.8%
out
40.9%
think
40.6%
think
40.6%
think
40.6%
think
40.6%
think
40.6%
can't
40.5%
hung
38.4%
hung
38.4%
hung
38.4%
hung
38.4%
eyes
35%
easy
34.7%
Living
33.1%
right
33%
much
33%
hard
32.1%
closed
31.7%
doesn't
30.6%
mean
30.1%
mean
30.1%
dream
29.6%
bad
29.4%
matter
29.4%
must
29%
works
28.8%
high
27.3%
misunderstanding
26.7%
wrong
26.6%
low
26%
someone
25.5%
disagree
25.2%
getting
23.8%
tree
22.4%
Always
21.2%
sometimes
18.1%
tune
17%

You're not logged in!

Compare scores with friends on all Sporcle quizzes.
OR
Log In

Sporcle TV

Today on Sporcle TV


Watch our educational content, quiz creation guides, and fun videos on Sporcle TV.

Show Comments

Extras

Top Quizzes Today


Score Distribution

Your Account Isn't Verified!

In order to create a playlist on Sporcle, you need to verify the email address you used during registration. Go to your Sporcle Settings to finish the process.

Report this User

Report this user for behavior that violates our Community Guidelines.

Details: